000 00909cab a22001815a 4500
001 L148691
008 091020s2009 d f s 000 0 eng u
035 _a(Sirsi) u148691
041 0 _aeng
245 0 0 _aBritain's biggest housebuilders
_ba year of two of living
260 _c2009
490 0 _aHouseBuilder
_v68(8) October 2009, 20-26(6)
520 _aPresents the 2009 25 biggest housebuilders' league table including their performance, turnover, landbank and average selling price data. Reports that the housebuilders were strongly hit by the recession and this is reflected in the figures of this survey. However suggests that stock of unsold homes have been cleared and confidence is boosted by the increase in visitor activity and more stable prices.
590 _aKA
651 4 _aGreat Britain
_y1707-
690 _aPROPERTY-RESIDENTIAL PROPERTY-RESIDENTIAL PROPERTY DEVELOPMENT
942 _n0
999 _c110164
_d110164